[Event "Oberfranken-ch U14 0809"]
[Site "Schney"]
[Date "2009.01.04"]
[Round "5"]
[White "Zimmerer, Dominik"]
[Black "Langenstein, Daniel"]
[Result "0-1"]
[WhiteElo "823"]
[BlackElo "906"]
[PlyCount "66"]
[EventDate "2009.01.02"]
[EventType "swiss"]
[EventRounds "7"]
[EventCountry "GER"]
[SourceTitle "EXT 2012"]
[Source "ChessBase"]
[SourceDate "2011.11.24"]
[SourceVersion "1"]
[SourceVersionDate "2011.11.24"]
[SourceQuality "1"]

1. e4 e5 2. Nf3 Nc6 3. Bc4 Bc5 4. d3 Nf6 5. Nc3 0-0 6. Nd5 Nxd5 7. exd5 Nd4 8. Nxe5 d6 9. Ng4 Bxg4 10. f3 Bd7 11. g4 Qe8+ 12. Kf1 Nb5 13. h4 c6 14. b3 Nc7 15. Bb2 cxd5 16. g5 Bf5 17. h5 dxc4 18. h6 g6 19. Qd2 Qe3 20. Qxe3 Bxe3 21. Re1 Bxg5 22. Kf2 cxd3 23. cxd3 Bxd3 24. Rd1 Bb5 25. Rxd6 Bf4 26. Rc1 Bxd6 27. Bg7 Rfe8 28. a4 Re2+ 29. Kg1 Bc6 30. Rf1 Bc5+ 31. Kh1 Ne6 32. b4 Be3 33. Be5 Nf4 0-1